The New colour-picture dictionary for children

Bibliographic Details
Main Author: Bennett, Archie
Format: Book
Published: England : Peter Haddock , 19--
Subjects:

MARC

LEADER 00000cam a2200000 7i4500
001 0000005488
002 000005933
005 20000330.0
020 |a 0710502508 
090 0 0 |a 411   |b NEW 
100 1 |a Bennett, Archie 
245 1 0 |a The New colour-picture dictionary for children   |c Archie Bennett 
260 |a England :   |b Peter Haddock ,   |c 19-- 
300 |a 252p ;   |c 28 cm. 
650 0 0 |a Dictionaries   |x Juvenile literature 
999 |a 026951   |b BUKU   |c JUNIOR REFERENCE   |e PERPUSTAKAAN KOMUNITI PETALING JAYA